00906nam a22001937a 4500003000200000005001700002008004100019050002400060100003500084245017700119260007200296300003100368500008200399504005800481650004000539650004300579650003700622650005300659020250201140841.0250201b xxu||||| |||| 00| 0 eng d aHV 5767 b.J59 2023 a Jiwatramani, Vincent Miles M. aImpact of graphic health warning labels on cigarrete packets towards consumer purchasing intentions by selected cigarette smokers in Las PinascVincent Miles M. Jiwatramani a Las Pinas CitybSouthville International School and Collegesc2023 aviii, 110 pages ; c28cm.  aBachelor of Science in Business Administration Major in Marketing Management. aIncludes bibliographical references and appendices.  aCigarette smoking—Health aspects. aTobacco—Warning labels –Reseearch. aConsumer behavior – Research.  aPackaging—Psychological aspects – Research.